Les Misérables Songs - Sudden Death - Statistics

General Stats
  • This quiz has been taken 3,503 times
  • The average score is 11 of 18
Answers on the Grid
Answers color-coded by a green-red scale on the quiz's grid according to % correct below.
At The End of the Day
I Dreamed a Dream
Lovely Ladies
Castle on a Cloud
Master of the House
Stars
Look Down
Do You Hear the People Sing?
In My Life
A Heart Full of Love
One Day More
On My Own
Little People
A Little Fall of Rain
Drink with Me
Bring Him Home
Empty Chairs at Empty Tables
Red and Black
Music of the Night
Three Nine Four Oh One
On the Eve of Revolution
The Runaway Horse
A Loaf of Bread
Out of the Shadows
Last Man to Fall
A Soul Full of Grace
When We Meet Again
 
Answer Stats
Answer % Correct
Do You Hear the People Sing?
80%
I Dreamed a Dream
80%
One Day More
74%
Master of the House
71%
Empty Chairs at Empty Tables
68%
On My Own
67%
Castle on a Cloud
63%
Bring Him Home
62%
At The End of the Day
61%
Lovely Ladies
59%
Look Down
58%
Red and Black
51%
Stars
50%
A Heart Full of Love
48%
Drink with Me
48%
A Little Fall of Rain
43%
In My Life
42%
Little People
36%
No matching quizzes found
Score Distribution
Percent of People with Each Score
Percentile by Number Answered
Your Score History
You have not taken this quiz